000 00535cam a2200217 4500
001 B2061
008 090401t1987 xxu||||| |||| 00| 0 eng d
035 _a(Sirsi) u47844
041 _aeng
050 _a333.0076
090 _aRICS 1987/64A
110 _aRoyal Institution of Chartered Surveyors
_94900
245 _aProfessional examinations: 1987 statistics
260 _c1987
300 _a1p. ; 30cm.
350 _a0
650 _aABOUT RICS-RICS MEMBERS
650 _aEXAMINATIONS
942 _n0
948 _c04/03/1997
999 _c92217
_d92217